[Event "Mittelfranken-chTB2b 1415"]
[Site "Mittelfranken"]
[Date "2015.04.19"]
[Round "9.6"]
[White "Kramer, Markus"]
[Black "Radeck, Jochen"]
[Result "1/2-1/2"]
[WhiteElo "1666"]
[BlackElo "1750"]
[PlyCount "35"]
[EventDate "2014.09.28"]
[EventType "team-tourn"]
[EventRounds "9"]
[EventCountry "GER"]
[SourceTitle "EXT 2020"]
[Source "ChessBase"]
[SourceDate "2019.10.17"]
[SourceVersion "1"]
[SourceVersionDate "2019.10.17"]
[SourceQuality "1"]
[WhiteTeam "Kirchehren/Eberm"]
[BlackTeam "Forchheim III"]
[WhiteTeamCountry "GER"]
[BlackTeamCountry "GER"]

1. f4 d5 2. Nf3 c5 3. g3 Nf6 4. Bg2 Nc6 5. 0-0 g6 6. d3 Bg7 7. Qe1 0-0 8. h3 e6 9. Kh2 b5 10. e4 dxe4 11. dxe4 Bb7 12. c3 Qe7 13. Nbd2 Rad8 14. e5 Ne8 15. Ne4 f5 16. exf6 Nxf6 17. Nxf6+ Bxf6 18. Be3 1/2-1/2

[Event "Mittelfranken-chTB2b 1415"]
[Site "Mittelfranken"]
[Date "2015.03.08"]
[Round "7.7"]
[White "Kramer, Markus"]
[Black "Semenova, Alisa"]
[Result "1/2-1/2"]
[WhiteElo "1666"]
[BlackElo "1634"]
[PlyCount "83"]
[EventDate "2014.09.28"]
[EventType "team-tourn"]
[EventRounds "9"]
[EventCountry "GER"]
[SourceTitle "EXT 2020"]
[Source "ChessBase"]
[SourceDate "2019.10.17"]
[SourceVersion "1"]
[SourceVersionDate "2019.10.17"]
[SourceQuality "1"]
[WhiteTeam "Kirchehren/Eberm"]
[BlackTeam "Nuernberg NT IV"]
[WhiteTeamCountry "GER"]
[BlackTeamCountry "GER"]

1. f4 d5 2. Nf3 Nf6 3. g3 b6 4. Bg2 Bb7 5. 0-0 e6 6. d4 Nbd7 7. e3 Ne4 8. Nbd2 Ndf6 9. Ne5 Nxd2 10. Bxd2 Ne4 11. f5 Nf6 12. g4 h6 13. Qe2 Qd6 14. a3 a6 15. c4 c5 16. b4 Qc7 17. Be1 Bd6 18. Bg3 0-0 19. Rac1 Rab8 20. Qb2 dxc4 21. Rxc4 Nd5 22. Qf2 exf5 23. gxf5 Rfe8 24. bxc5 bxc5 25. Re1 Qe7 26. Qd2 Rbd8 27. Qb2 Ba8 28. Rc2 cxd4 29. exd4 Bxa3 30. Qb3 Qb4 31. Qd3 f6 32. Rc4 Qa5 33. Ra1 fxe5 34. Rxa3 Qb6 35. Rb3 Qa7 36. Ra4 Bb7 37. Bf2 Qb8 38. dxe5 Rxe5 39. Qc4 Rxf5 40. Bg3 Qa8 41. Ra5 Rc8 42. Rc5 1/2-1/2

[Event "Mittelfranken-chTB2b 1415"]
[Site "Mittelfranken"]
[Date "2015.01.25"]
[Round "5.6"]
[White "Kramer, Markus"]
[Black "Arlt, Birgit"]
[Result "1-0"]
[WhiteElo "1666"]
[BlackElo "1589"]
[PlyCount "89"]
[EventDate "2014.09.28"]
[EventType "team-tourn"]
[EventRounds "9"]
[EventCountry "GER"]
[SourceTitle "EXT 2020"]
[Source "ChessBase"]
[SourceDate "2019.10.17"]
[SourceVersion "1"]
[SourceVersionDate "2019.10.17"]
[SourceQuality "1"]
[WhiteTeam "Kirchehren/Eberm"]
[BlackTeam "Schwanstetten"]
[WhiteTeamCountry "GER"]
[BlackTeamCountry "GER"]

1. f4 Nf6 2. Nf3 d5 3. e3 Bg4 4. Be2 e6 5. 0-0 Nbd7 6. d4 c5 7. c3 Be7 8. Nbd2 0-0 9. h3 Bxf3 10. Bxf3 Qb6 11. g4 Ne8 12. Qe2 cxd4 13. exd4 Qd6 14. Bg2 Qc7 15. Nf3 Nb6 16. Re1 Bd6 17. Ne5 Nf6 18. g5 Nfd7 19. Bd2 Rae8 20. b3 Nxe5 21. fxe5 Be7 22. Qg4 Bd8 23. Rf1 Kh8 24. Rae1 Qe7 25. h4 f6 26. Bf4 f5 27. Qg3 Qf7 28. Rf2 Qe7 29. Bf3 g6 30. Rh2 Kg7 31. Kg2 Rh8 32. Reh1 Reg8 33. h5 Kf8 34. h6 Ke8 35. Rc1 Qa3 36. Kh3 Qe7 37. c4 dxc4 38. bxc4 Rf8 39. d5 exd5 40. cxd5 Qd7 41. e6 Qb5 42. d6 Bxg5 43. d7+ Nxd7 44. exd7+ Qxd7 45. Qxg5 1-0

[Event "Mittelfranken-chTB2b 1415"]
[Site "Mittelfranken"]
[Date "2014.11.16"]
[Round "3.5"]
[White "Daumin, Jan"]
[Black "Kramer, Markus"]
[Result "1-0"]
[WhiteElo "1746"]
[BlackElo "1666"]
[PlyCount "65"]
[EventDate "2014.09.28"]
[EventType "team-tourn"]
[EventRounds "9"]
[EventCountry "GER"]
[SourceTitle "EXT 2020"]
[Source "ChessBase"]
[SourceDate "2019.10.17"]
[SourceVersion "1"]
[SourceVersionDate "2019.10.17"]
[SourceQuality "1"]
[WhiteTeam "Lauf SV"]
[BlackTeam "Kirchehren/Eberm"]
[WhiteTeamCountry "GER"]
[BlackTeamCountry "GER"]

1. e4 c5 2. Nc3 Nc6 3. f4 d6 4. Nf3 e6 5. Bb5 Bd7 6. d3 Nge7 7. 0-0 a6 8. Bxc6 Nxc6 9. Qe1 Be7 10. Bd2 0-0 11. Kh1 Rc8 12. Ne2 b5 13. g4 Nd4 14. Rc1 Nxe2 15. Qxe2 f5 16. Rg1 fxe4 17. dxe4 Bc6 18. f5 exf5 19. gxf5 Bf6 20. Ng5 Be5 21. Ne6 Qh4 22. Rg4 Qe7 23. Nxf8 Rxf8 24. Rf1 h5 25. Bg5 Qd7 26. Rg2 g6 27. Bh6 Rf6 28. Rxg6+ Rxg6 29. fxg6 Bg7 30. Rf7 Qh3 31. Rxg7+ Kh8 32. Rf7 Kg8 33. Rf8# 1-0

[Event "Mittelfranken-chTB2b 1112"]
[Site "Germany"]
[Date "2012.03.11"]
[Round "8.7"]
[White "Kramer, Markus"]
[Black "Balhar, Rudolf"]
[Result "1/2-1/2"]
[WhiteElo "1746"]
[BlackElo "1834"]
[PlyCount "39"]
[EventDate "2011.09.25"]
[EventType "team-tourn"]
[EventRounds "9"]
[EventCountry "GER"]
[SourceTitle "EXT 2018"]
[Source "ChessBase"]
[SourceDate "2017.10.13"]
[SourceVersion "1"]
[SourceVersionDate "2017.10.13"]
[SourceQuality "1"]
[WhiteTeam "Kirchehrenbach/Ebermannstadt"]
[BlackTeam "Erlangen Siemens"]
[WhiteTeamCountry "GER"]
[BlackTeamCountry "GER"]

1. d4 Nf6 2. c4 e6 3. a3 d5 4. cxd5 exd5 5. Nf3 c6 6. e3 Bd6 7. Be2 Bg4 8. Nc3 Nbd7 9. h3 Bh5 10. Nh2 Bxe2 11. Qxe2 0-0 12. 0-0 Re8 13. Bd2 Ne4 14. Nxe4 dxe4 15. f4 f5 16. b4 Qe7 17. g4 g6 18. Qg2 Qg7 19. Rac1 Nb6 20. Kh1 1/2-1/2